Central Library OPAC University of Rajshahi

Essays in applied economics / (Record no. 2441)

MARC details
000 -LEADER
fixed length control field 00885nam a22002532a 4500
001 - CONTROL NUMBER
control field 2441
003 - CONTROL NUMBER IDENTIFIER
rucl marc code BDjRUL
005 - DATE AND TIME OF LATEST TRANSACTION
control field 20211208233543.0
008 - FIXED-LENGTH DATA ELEMENTS--GENERAL INFORMATION
fixed length control field 131211r19651923xx 000 0 eng d
035 ## - SYSTEM CONTROL NUMBER
System control number (BDjRUL)2468
040 ## - CATALOGING SOURCE
Original cataloging agency DLC
Transcribing agency ALL
Modifying agency OCL
-- EQO
-- BDjRUL
Language of cataloging eng
041 ## - LANGUAGE CODE
Language code of text/sound track or separate title eng
082 ## - DEWEY DECIMAL CLASSIFICATION NUMBER
Edition number 20
Classification number 330
Author mark and year PIE
100 1# - MAIN ENTRY--PERSONAL NAME
Personal name Pigou, A. C.
Fuller form of name (Arthur Cecil),
Dates associated with a name 1877-1959.
9 (RLIN) 6471
245 10 - TITLE STATEMENT
Title Essays in applied economics /
Statement of responsibility, etc. by A. C. Pigou.
260 ## - PUBLICATION, DISTRIBUTION, ETC. (IMPRINT)
Place of publication, distribution, etc. London :
Name of publisher, distributor, etc. P. S. King,
Date of publication, distribution, etc. 1923 [Impression 1965]
300 ## - PHYSICAL DESCRIPTION
Pagination vii, 198 p. ;
Size 23 cm
500 ## - GENERAL NOTE
General note Sixteen essays, mainly reprinted from the Economic journal, the Contemporary review, the Quarterly journal of economics, and other periodicals. cf. Pref
650 #0 - SUBJECT ADDED ENTRY--TOPICAL TERM
Topical term or geographic name as entry element Economics
9 (RLIN) 7918
Topical term or geographic name as entry element Wages
Geographic subdivision Great Britain
9 (RLIN) 7919
651 #0 - SUBJECT ADDED ENTRY--GEOGRAPHIC NAME
Geographic name Great Britain
General subdivision Economic conditions
Chronological subdivision 1918-1945
9 (RLIN) 6070
942 ## - ADDED ENTRY ELEMENTS (KOHA)
Source of classification or shelving scheme Dewey Decimal Classification
Koha item type Books
Holdings
Lost status Source of classification or shelving scheme Damaged status Not for loan Collection code Permanent Location Current Location Shelving location Date acquired Source of acquisition Cost, normal purchase price Total Checkouts Full call number Date last seen Copy number Koha item type
  Dewey Decimal Classification     Non-fiction Central Library, University of Rajshahi Central Library, University of Rajshahi   12/06/1968 Zeitlinger 35.00   330 PIE 1965 11/12/2013 C-2 Books
  Dewey Decimal Classification     Non-fiction Central Library, University of Rajshahi Central Library, University of Rajshahi   12/06/1968 Zeetlinger 35.00   330 PIE 1965 18/06/2016 C-3 Books